[Event "Wloclawek CC Classic 20th"]
[Site "Wloclawek"]
[Date "2018.??.??"]
[Round "6"]
[White "Augustowski, Janusz"]
[Black "Sobich, Stanislaw"]
[Result "1-0"]
[WhiteElo "1761"]
[BlackElo "1695"]
[PlyCount "120"]
[EventDate "2018.04.??"]
[EventType "swiss"]
[EventRounds "7"]
[EventCountry "POL"]
[SourceTitle "EXT 2021"]
[Source "ChessBase"]
[SourceDate "2020.10.23"]
[SourceVersion "1"]
[SourceVersionDate "2020.10.23"]
[SourceQuality "1"]

1. d4 e6 2. Nf3 d5 3. c4 Nf6 4. Nc3 Be7 5. Bg5 0-0 6. e3 b6 7. Rc1 c6 8. Bd3 Nh5 9. Bxe7 Qxe7 10. Ne5 Nf6 11. 0-0 Bb7 12. cxd5 cxd5 13. Nb5 Na6 14. a3 Rfc8 15. Qa4 Qe8 16. Qb3 Qd8 17. Rxc8 Bxc8 18. Rc1 Bb7 19. g3 Ne8 20. Nc6 Bxc6 21. Rxc6 Nac7 22. Nxc7 Nxc7 23. Qc2 Ne8 24. Bxh7+ Kh8 25. Bd3 g6 26. Bxg6 fxg6 27. Rxe6 Qc7 28. Qxg6 Ng7 29. Rf6 Qc8 30. Rf7 Qg8 31. Rf4 Qe6 32. Qxe6 Nxe6 33. Rf7 Ng5 34. Rd7 Nf3+ 35. Kg2 Ne1+ 36. Kf1 Nd3 37. b4 b5 38. Rxd5 a5 39. Rxb5 axb4 40. axb4 Ra2 41. Rf5 Nxb4 42. h4 Kg7 43. h5 Nd3 44. g4 Kh6 45. Kg2 Re2 46. Kg3 Ra2 47. Rf6+ Kg7 48. g5 Ra5 49. f4 Nb4 50. h6+ Kh7 51. Rf7+ Kg8 52. Rb7 Nc6 53. Rc7 Nd8 54. g6 Rd5 55. Re7 Kf8 56. Re5 Rd6 57. f5 Rf6 58. Kg4 Nc6 59. Re6 Rxe6 60. fxe6 Ne7 1-0

[Event "Wloclawek CC Classic 20th"]
[Site "Wloclawek"]
[Date "2018.??.??"]
[Round "4"]
[White "Sobich, Stanislaw"]
[Black "Milecki, Robert"]
[Result "1/2-1/2"]
[WhiteElo "1695"]
[BlackElo "1493"]
[PlyCount "28"]
[EventDate "2018.04.??"]
[EventType "swiss"]
[EventRounds "7"]
[EventCountry "POL"]
[SourceTitle "EXT 2021"]
[Source "ChessBase"]
[SourceDate "2020.10.23"]
[SourceVersion "1"]
[SourceVersionDate "2020.10.23"]
[SourceQuality "1"]

1. e4 e5 2. Nf3 Nc6 3. d4 exd4 4. c3 d6 5. cxd4 Be7 6. Bc4 Nf6 7. Ng5 0-0 8. Nc3 h6 9. Nf3 Nxe4 10. Nxe4 d5 11. Ned2 dxc4 12. Nxc4 Bb4+ 13. Bd2 Re8+ 14. Ne3 Bxd2+ 1/2-1/2